| 000 | 00642nam a22001577a 4500 | ||
|---|---|---|---|
| 003 | OSt | ||
| 005 | 20151209154237.0 | ||
| 008 | 151209b xxu||||| |||| 00| 0 eng d | ||
| 040 | _cRUA | ||
| 082 | _aATM THE 2008 B196 Or.1 | ||
| 100 |
_94609 _aTHEBG, MAKARA. |
||
| 245 | _aSdok dam irrigation system managment in borset district kompong speu province, ការគ្រប់គ្រងប្រព័ន្ធធារាសាស្រ្ដទំនប់ស្តុកស្រុកបសេដ្ឋ ខេត្តកំពង់ស្ពឺ | ||
| 260 |
_aPhnom Penh _bRUA _c2008 |
||
| 300 |
_ax; 49p. _bill. _c29cm. |
||
| 942 |
_2ddc _cATM |
||
| 999 |
_c4294 _d4294 |
||